Preparing a guide to your library and information service (Record no. 40802)

MARC details
000 -LEADER
fixed length control field 00294nam a2200109Ia 4500
082 ## - DEWEY DECIMAL CLASSIFICATION NUMBER
Classification number 002
Item number WEB
100 ## - MAIN ENTRY--AUTHOR NAME
Personal name Webb, Sylvia P
245 #0 - TITLE STATEMENT
Title Preparing a guide to your library and information service
260 ## - PUBLICATION, DISTRIBUTION, ETC. (IMPRINT)
Place of publication London
Name of publisher Aslib
Year of publication 1995
942 ## - ADDED ENTRY ELEMENTS (KOHA)
Koha item type Books
Holdings
Withdrawn status Lost status Damaged status Not for loan Home library Current library Date acquired Cost, normal purchase price Full call number Accession Number Koha item type
        RRII Library RRII Library 16/12/2021 15.00 002 WEB 21097 Books